Normal view
MARC view
- CONTROL SYSTEMS USING COMPUTATIONAL INTELLIGENCE TECHNIQUES.INTELLIGENT CONTROL SYSTEMS.ITELLIGENT CONTROL SYSTEMS.COMPUTATIONAL INTELLIGENCE
Entry Topical Term
001 - CONTROL NUMBER
- control field: 62477
003 - CONTROL NUMBER IDENTIFIER
- control field: NUST
005 - DATE AND TIME OF LATEST TRANSACTION
- control field: 20210628202938.0
008 - FIXED-LENGTH DATA ELEMENTS
- fixed length control field: 210628|| aca||aabn | a|a d
040 ## - CATALOGING SOURCE
- Original cataloging agency: NUST
- Transcribing agency: NUST
150 ## - HEADING--TOPICAL TERM
- Topical term or geographic name entry element: CONTROL SYSTEMS USING COMPUTATIONAL INTELLIGENCE TECHNIQUES.INTELLIGENT CONTROL SYSTEMS.ITELLIGENT CONTROL SYSTEMS.COMPUTATIONAL INTELLIGENCE
670 ## - SOURCE DATA FOUND
- Source citation: Work cat.: (NUST): Ruano, A . E 60397, Intelligent control systems using computational intelligence techniques, 2005
